ბათუმის შოთა რუსთაველის სახელმწიფო უნივერსიტეტის ბიბლიოთეკა

Guide to Laboratory and Diagnostic Tests: Organized Alphabetically (ბიბ.ჩანაწერი № 45133)

000 -LEADER
fixed length control field 00673nam a2200253Ia 4500
001 - CONTROL NUMBER
control field 11956
003 - CONTROL NUMBER IDENTIFIER
control field GE_BSU
008 - FIXED-LENGTH DATA ELEMENTS--GENERAL INFORMATION
fixed length control field 181216s||||||||xx |||||||||||||| ||und||
020 ## - INTERNATIONAL STANDARD BOOK NUMBER
International Standard Book Number 9781285053134
040 ## - CATALOGING SOURCE
Transcribing agency GE_BSU
080 ## - UNIVERSAL DECIMAL CLASSIFICATION NUMBER
Universal Decimal Classification number 616.07
100 ## - MAIN ENTRY--PERSONAL NAME
Personal name Daniels, Rick
245 ## - TITLE STATEMENT
Title Guide to Laboratory and Diagnostic Tests: Organized Alphabetically
250 ## - EDITION STATEMENT
Edition statement 3rd Revised edition
260 ## - PUBLICATION, DISTRIBUTION, ETC.
Place of publication, distribution, etc. United States
260 ## - PUBLICATION, DISTRIBUTION, ETC.
Name of publisher, distributor, etc. Cengage Learning
260 ## - PUBLICATION, DISTRIBUTION, ETC.
Date of publication, distribution, etc. 2014
300 ## - PHYSICAL DESCRIPTION
Extent 1024p.22cm
653 ## - INDEX TERM--UNCONTROLLED
Uncontrolled term Gross Pathology
653 ## - INDEX TERM--UNCONTROLLED
Uncontrolled term Guide to Laboratory and Diagnostic Tests: Organized Alphabetically
653 ## - INDEX TERM--UNCONTROLLED
Uncontrolled term Medical Diagnosis
942 ## - ADDED ENTRY ELEMENTS (KOHA)
Koha item type წიგნი
ეგზემპლარები
Withdrawn status Lost status Damaged status Not for loan Date acquired Barcode Date last seen Price effective from Koha item type
        2018-12-17 35943 2018-12-17 2018-12-17 წიგნი